00652nam a2200229 a 4500001001300000003000900013005001700022008004100039020000800080082001600088100002700104245002700131260003400158300000800192500003500200650001800235700002700253902000800280942000700288952011200295999001500407nice12345678IN_TiNIC20260116012029.0050524s1980 newa grp 000 0 eng  ac600a297.52bSID aSiddiqi, M Abdul Hamid aPrayers of the Prophet aNew DelhibKitab Bhavanc1980 a63p aincludes index and biblioraphy aIslam-Prayers1 aSiddiqi, M Abdul Hamid bSRC cBK 001040708StackRoom-aHMIbHMId2014-02-11g6.00l0o297.52 SIDp09881r2014-02-11v6.00w2005-05-24yBK c5348d5348